| 000 | 00388 a2200157 4500 | ||
|---|---|---|---|
| 020 | _a9780857384911 | ||
| 040 | _aDLC | ||
| 082 | _a813.54 | ||
| 100 | _aIgnatius, David | ||
| 245 |
_aBlood money _cDavid Ignatius |
||
| 260 |
_aLondon _bQuercus _c2011 |
||
| 300 | _a498 p. | ||
| 650 | _a Central Intelligence Agency--Retribution | ||
| 700 | _aDavid Ignatius | ||
| 942 |
_cBK _k813.54 LGN _2ddc |
||
| 999 |
_c10920 _d10920 |
||